Loading...

Mental stess

Bibliographic Details
Main Author: Trivedi,C.R
Format: Printed Book
Published: New Delhi Peacock Books 2007
Subjects:
LEADER 00532nam a22001577a 4500
020 |a 9788124801413 
082 |a 155.904 2  |b TRI/M 
100 |a Trivedi,C.R 
245 |a Mental stess 
260 |a New Delhi  |b Peacock Books  |c 2007 
300 |a 118p. 
650 |a Mental stess-psychology 
650 |a Environmental psychology-Mental stress 
942 |c BK 
999 |c 41615  |d 41615 
952 |0 0  |1 0  |4 0  |6 155_904000000000000_2_TRIM  |7 0  |8 Stack  |9 45034  |a KUCL  |b KUCL  |c Stack  |d 2016-08-31  |g 95.00  |l 2  |o 155.904 2 TRI/M  |p 42944  |r 2019-05-13  |s 2019-03-08  |w 2016-08-31  |y BK